| 000 | 02349nam a2200517Li 4500 | ||
|---|---|---|---|
| 001 | 85515 | ||
| 005 | 20230411090044.0 | ||
| 008 | 091103s2009 sa a f b 001 0 eng d | ||
| 035 | _a(OCoLC)ocn495287444 | ||
| 040 |
_aZWZ _encafnor _bfre _cZWZ |
||
| 020 | _a9780935028348 | ||
| 020 | _a093502834X | ||
| 020 | _a9781906387303 | ||
| 020 | _a1906387303 | ||
| 029 | 0 |
_aZWZ _b137624085 |
|
| 035 | _a(OCoLC)495287444 | ||
| 044 |
_asa _aus |
||
| 082 | 0 |
_a363.8 _222 |
|
| 049 | _aGRAL | ||
| 100 | 1 | _aHolt-Giménez, Eric. | |
| 245 | 1 | 0 |
_aFood rebellions ! _h[Texte imprime] : _bcrisis and the hunger for justice / _cEric Holt-Giménez and Raj Patel ; with Annie Shattuck. |
| 260 |
_aCape Town : _bPambazuka Press ; _aOakland, CA : _bFood First Books ; _aBoston, MA : _bGrassroots International, _ccop. 2009. |
||
| 300 |
_a1 vol. (260 p. : _bill., tabl. ; _c20 cm. |
||
| 504 | _aNotes bibliogr, bibliogr. (p. 230-252). Index. | ||
| 505 | 0 | _aIntroduction to the global food crisis -- Hunger, harvests and profits: the tragic records of the global food crisis -- Root causes: how the industrial agrifoods complex ate the global South -- The overproduction of hunger: Uncle Sam's farm and food bill -- Agrofuels: a bad idea at the worst possible time -- Summing up the crisis -- Overcoming the crisis: transforming the food system -- Africa and the end of hunger -- The challenge of food sovereignty in northern countries | |
| 650 | 7 |
_aAliments _xApprovisionnement. _2ram |
|
| 650 | 7 |
_aAliments _xPrix. _2ram |
|
| 650 | 7 |
_aFamines. _2ram |
|
| 650 | 0 | _aFood supply. | |
| 650 | 0 | _aFood prices. | |
| 650 | 0 | _aHunger. | |
| 700 | 1 | _aPatel, Raj. | |
| 700 | 1 | _aShattuck, Annie. | |
| 740 | 0 | 2 | _aIntroduction to the global food crisis. |
| 740 | 0 | 2 | _aHunger, harvests and profits: the tragic records of the global food crisis. |
| 740 | 0 | 2 | _aRoot causes: how the industrial agrifoods complex ate the global South. |
| 740 | 0 | 2 | _aThe overproduction of hunger: Uncle Sam's farm and food bill. |
| 740 | 0 | 2 | _aAgrofuels: a bad idea at the worst possible time. |
| 740 | 0 | 2 | _aSumming up the crisis. |
| 740 | 0 | 2 | _aOvercoming the crisis: transforming the food system. |
| 740 | 0 | 2 | _aAfrica and the end of hunger. |
| 740 | 0 | 2 | _aThe challenge of food sovereignty in northern countries. |
| 942 |
_2lcc _cbk |
||
| 994 |
_aC0 _bDRFGD |
||
| 946 | _alrm | ||
| 999 |
_c111677 _d111677 |
||